| 000 | 00000nam##2200000za#4500 |
| 001 | 9.523484 |
| 003 | CaOODSP |
| 005 | 20200327031708 |
| 007 | ta |
| 008 | 150406|1994||||xxc||||| f|0| 0 eng|d |
| 020 | |a0-660-58984-2 |
| 022 | |a0706-148X |
| 040 | |aCaOODSP|beng |
| 041 | |aeng |
| 041 | |afre |
| 043 | |an-cn--- |
| 086 | 1 |aS52-2/223-1994 |
| 110 | 1 |aCanada.|bPublic Works and Government Services Canada. |bTranslation Services. |
| 245 | 10|aVocabulary of packaging / |cby Jean Le Page. |
| 260 | |aOttawa - Ontario : |bPublic Works and Government Services Canada. |c1994. |
| 300 | |axiv, 251p. ; |c22 cm. |
| 490 | 1 |aTerminology bulletin|x0706-148X|v223 |
| 520 | 3 |aContains 900 terms from the field of packaging, including labelling, cartoning, case loading, and tamper-resistant packaging. Terminology Bulletin 223. |
| 546 | |aBilingual |
| 563 | |aSoftcover |
| 590 | |a94-09|b1994-03-04 |
| 690 | 07|aTerminology|2gcpds |
| 690 | 07|aPackaging|2gcpds |
| 720 | 1 |aLe Page, Jean |
| 776 | 0#|tVocabulaire de l'emballage / |w(CaOODSP)9.590558 |
| 792 | |tVocabulaire de l'emballage / |efre|w(CaOODSP)9.523485 |
| 830 | #0|aTerminology bulletin,|x0706-148X|v223|w(CaOODSP)9.509598 |